Statistics for NFL Teams Quiz

Click here to take the quiz!

General Stats

  • This quiz has been taken 24 times
  • The average score is 29 of 32

Answer Stats

Team% Correct
Bears
100%
Bengals
100%
Browns
100%
Cardinals
100%
Raiders
100%
Rams
100%
Bills
94%
Cowboys
94%
Dolphins
94%
Giants
94%
Saints
94%
Seahawks
94%
Steelers
94%
Washington
94%
49ers
89%
Broncos
89%
Chargers
89%
Chiefs
89%
Eagles
89%
Falcons
89%
Jets
89%
Lions
89%
Packers
89%
Ravens
89%
Texans
89%
Titans
89%
Buccaneers
83%
Patriots
83%
Vikings
83%
Colts
78%
Jaguars
78%
Panthers
78%

Score Distribution

Percentile by Number Answered

Percent of People with Each Score

Your Score History

You have not taken this quiz